00402nam a2200133Ia 450000500170000000800410001702000150005808200130007310000200008624500250010626000400013130000130017150000840018420250310031225.0240331s9999 xx 000 0 und d a9559556304 a891bDOO aAmarasinge, A.T 0aDoona kathirina devi aNugegodabDipaani Pvt Limitedc1993 a231 p ., aAncient Historical story of Doona Katharina queen getting married to Portuguesa